• 首页
  • 本馆介绍
  • 公告通知
  • 最新文献
  • 馆藏检索
  • 电子资源
  • 读者导购
  • 参考咨询
  • 我的图书馆
  • 登录
  • 详细信息显示
  • 放入我的书架
  • 预约/预借图书
  • 作者相关作品
  • 分类相关作品
  • 丛书相关作品
  • 出版社相关作品

书目信息

  • 表格格式
  • 工作单格式
  • 卡片格式
题名:
汽车底盘构造与维修
    
 
作者: ;《汽车底盘构造与维修》编写组 主编
分册:  
出版信息: 南京   江苏教育出版社  2011.8
页数: 209页
开本: 26cm
丛书名:
单 册:
中图分类: U463.1 , U472.41
科图分类:
主题词: 汽车--底盘--结构--高等职业教育--教材 , 汽车--底盘--车辆修理--高等职业教育--教材
电子资源:
ISBN: 978-7-5499-0937-7
000 00962nam0 2200241 450
001 5689
005 20181020141632.64
010    @a978-7-5499-0937-7@dCNY28.00
100    @a20120113d2011 em y0chiy0110 ea
101 0  @achi
102    @aCN@b320000
105    @ay z 000yy
200 1  @a汽车底盘构造与维修@9qi che di pan gou zao yu wei xiu@f《汽车底盘构造与维修》编写组主编
210    @a南京@c江苏教育出版社@d2011.8
215    @a209页@d26cm
330    @a本书采用项目驱动模式编写,分为八个项目介绍了汽车底盘的离合器、手动变速器、万向传动装置、驱动桥、车轮和轮胎、悬架、转向机构、制动系统的拆装和检修。并设计相应的任务实训,巩固理论知识。
606 0  @a汽车@x底盘@x结构@x高等职业教育@j教材
606 0  @a汽车@x底盘@x车辆修理@x高等职业教育@j教材
690    @aU463.1@v4
690    @aU472.41@v4
711 02 @a《汽车底盘构造与维修》编写组@9《 qi che di pan gou zao yu wei xiu 》 bian xie zu@4主编
801  0 @aCN@b91采访@c20120113
905    @aMuseLib@dU463.1@e825
    
    汽车底盘构造与维修/《汽车底盘构造与维修》编写组主编.-南京:江苏教育出版社,2011.8
    209页;26cm
    
    
    ISBN 978-7-5499-0937-7:CNY28.00
    本书采用项目驱动模式编写,分为八个项目介绍了汽车底盘的离合器、手动变速器、万向传动装置、驱动桥、车轮和轮胎、悬架、转向机构、制动系统的拆装和检修。并设计相应的任务实训,巩固理论知识。
●
相关链接 在E读中查询图书 在五车中查询图书 在当当中查询图书 在豆瓣中查询图书


正题名:汽车底盘构造与维修     索取号:U463.1/825         预约/预借

序号 登录号 条形码 馆藏地/架位号 状态 备注
1 1130819   211308191   第二样本阅览室/ [索取号:U463.1/825] 在馆    
2 1130820   211308208   第三借阅区/ [索取号:U463.1/825] 在馆    
3 1130821   211308217   第三借阅区/ [索取号:U463.1/825] 在馆    
4 1130822   211308226   第三借阅区/ [索取号:U463.1/825] 在馆    
5 1130823   211308235   密集书库-物理学院/ [索取号:U463.1/825] 在馆    
唐山师范学院图书馆 欢迎您!
大连网信软件有限公司© 版权所有